North America Geography Bunker Quiz Stats

 Plays Quiz Updated Oct 4, 2017

Challenge
Share
Tweet
Embed
Score 0/15 Timer 06:00
11 Plays Today
Question Answer % Correct
????
100%
????
90.6%
????
88.3%
????
82.1%
????
78.4%
????
74.2%
????
59.8%
????
56.3%
Question Answer % Correct
????
51.2%
????
36%
????
25.7%
????
18%
????
13.3%
????
7.8%
????
5.2%

You're not logged in!

Compare scores with friends on all Sporcle quizzes.
OR
Log In

You Might Also Like...

Show Comments

Extras

Top Quizzes Today


Score Distribution

Your Account Isn't Verified!

In order to create a playlist on Sporcle, you need to verify the email address you used during registration. Go to your Sporcle Settings to finish the process.

Report this User

Report this user for behavior that violates our Community Guidelines.

Details: